[Event "RUS-ch 68th"]
[Site "Chita"]
[Date "2015.08.20"]
[Round "11"]
[White "Jakovenko, Dmitrij"]
[Black "Karjakin, Sergey"]
[Result "1/2-1/2"]
[WhiteElo "2759"]
[BlackElo "2753"]
[Annotator "Sagar Shah"]
[PlyCount "81"]
[EventDate "2015.08.09"]
[EventType "tourn"]
[EventRounds "11"]
[EventCountry "RUS"]
[EventCategory "18"]
[SourceTitle "CBM 168"]
[Source "ChessBase"]
[SourceDate "2015.09.14"]
[SourceVersion "1"]
[SourceVersionDate "2015.09.14"]
[SourceQuality "1"]

{At the start of the final round Karjakin was in a difficult situation. He had
the black pieces against Jakovenko and most probably had to play for a win in
order to fight for the top honours.} 1. e4 c5 {When in a must win situation
Sicilian is the right choice!} 2. Nf3 d6 3. d4 cxd4 4. Nxd4 Nf6 5. Nc3 a6 6.
Be3 Ng4 7. Bg5 h6 8. Bh4 g5 9. Bg3 Bg7 {This was one of Kasparov's favourite
lines in the Najdorf. Black needs to actively and precisely because he has
pushed his kingside pawns. At the same time it has helped him to get good
control over the dark squares.} 10. Be2 h5 11. Bxg4 hxg4 (11... Bxg4 12. f3 Bd7
13. Bf2 {is another story.}) 12. Nd5 {Theoretically this might be the most
challenging move in the position.} (12. O-O Nc6 13. Nf5 Bxc3 14. bxc3 Qa5 15.
Qxg4 f6 {Has been seen at the top level namely Shirov- Kasparov and
Adams-Anand. Black seems to be doing fine.}) 12... Nc6 (12... e6 13. Ne3 $14)
13. Nf5 Bxf5 {Karjakin keeps up his pace. He is well prepared.} 14. exf5 Bxb2
15. Rb1 Qa5+ (15... Be5 16. O-O $16 {With the white king safely tucked in and
the g4 and b7 pawns hanging, this is a highly favourable position for White.})
16. Qd2 (16. Kf1 {The king doesn't fit well with the position and after} Bd4
$17 {Black has the advantage.}) 16... Bf6 {Even though this same move has been
played twice by Vachier Lagrave and once by Gelfand, Karjakin took 25 minutes
to play this move. He must have forgotten his preparation.} 17. Rxb7 O-O 18.
Qxa5 (18. Nxe7+ $5 Kg7 $1 {was seen in Ganguly-MVL.} (18... Bxe7 $2 19. Qxa5
Nxa5 20. Rxe7 $14) 19. Nxc6 Rfe8+ 20. Kd1 Qxa2 21. Nb4 Qa1+ 22. Qc1 Qd4+ 23.
Qd2 (23. Nd3 Qe4 {The position becomes a little scary for White.}) 23... Qa1+ {
and the players agreed for a draw.}) 18... Nxa5 19. Rb4 {Jakovenko was still
following the game Kamsky-MVL.} Rfb8 {And this is the first new move and an
excellent one by Karjakin. MVL had preferred to play the other rook to b8 but
it was less accurate.} (19... Rab8 20. Bxd6 $1 {Kamsky had not found this move.
But it seems to be very strong.} exd6 21. Nxf6+ Kg7 22. Rxb8 Rxb8 23. Nh5+ Kh6
24. Ng3 {Defending the h1 rook.} Rb2 25. Kd2 Rxa2 26. Rb1 $16 {White has all
the winning chances.}) 20. Bxd6 {Jakovenko had to put on his thinking hat and
after ten minute he played the same move which he would have come prepared for
19...Rab8.} Rd8 $1 {Karjakin was in top form. He played all the accurate moves
to defuse White's initiative.} 21. Nxf6+ exf6 22. Bg3 Rac8 {Black's pawn
structure on the kingside is weird and he is also a pawn down. But his
activity gives him excellent chances of equalizing the game.} 23. Rxg4 Rxc2 24.
O-O Rd5 $1 {Extremely accurate.} (24... Rxa2 $6 25. h4 $16) 25. h4 Rxf5 26. Ra4
Kg7 27. Rd1 Nc6 28. Rxa6 gxh4 29. Bxh4 Rc4 (29... Nb4 $6 30. Ra4 Nxa2 $2 31.
Rg4+ Kf8 32. Rd8+ Ke7 33. Rgg8 $18 {is game over.}) 30. f3 (30. Bg3 Nd4 $1 {
threatening a check on e2 which is very hard to meet.} 31. Re1 (31. Kf1 Rh5 $1
$17) 31... Rh5 {Threatening Ne2 followed by Rc1+.} 32. Bf4 (32. f3 Rc2 $17)
32... Rc2 $11 {As you can see from the variations the two rooks and the knight
co-ordinate perfectly to create lots of threats and maintain the balance.})
30... Nb4 31. Ra4 Rxh4 32. Rb1 Rb5 33. g4 (33. a3 $2 Nc2 $19) 33... Nxa2 $1 34.
Rxb5 Nc3 35. Raa5 Nxb5 36. Rxb5 {And it's a draw.} Rh8 37. Kg2 Ra8 38. Kg3 Rh8
39. Ra5 Re8 40. g5 fxg5 41. Rxg5+ {Of course Karjakin would not have been the
happiest person in the world because of the draw as he couldn't become the
Russian Champion but the accuracy with which he played in the game was just
mind boggling. Maybe with this game he has ended the discussion for White's
advantage in this line of the Najdorf.} 1/2-1/2

[Event "EU-chT (Men) 20th"]
[Site "Reykjavik"]
[Date "2015.11.17"]
[Round "5.1"]
[White "Vallejo Pons, Francisco"]
[Black "Vachier Lagrave, Maxime"]
[Result "0-1"]
[WhiteElo "2684"]
[BlackElo "2765"]
[Annotator "Sagar Shah"]
[PlyCount "70"]
[EventDate "2015.11.13"]
[EventType "team-swiss"]
[EventRounds "9"]
[EventCountry "ISL"]
[SourceTitle "CBM 170"]
[Source "ChessBase"]
[SourceDate "2016.01.15"]
[SourceVersion "1"]
[SourceVersionDate "2016.01.15"]
[SourceQuality "1"]
[WhiteTeam "Spain"]
[BlackTeam "France"]
[WhiteTeamCountry "ESP"]
[BlackTeamCountry "FRA"]

1. e4 c5 2. Nf3 d6 3. d4 cxd4 4. Nxd4 Nf6 5. Nc3 a6 {Maxime Vachier Lagrave is
a firm adherent of the Sicilian Najdorf.} 6. Be3 Ng4 {This line was used
extensively by Garry Kasparov from 1996-2000 and very successfully as well.} 7.
Bc1 Nf6 8. Be3 Ng4 9. Bg5 {Of course, a player like Vallejo Pons would never
settle for a threefold repetition right out of the opening against any
opposition.} h6 10. Bh4 g5 11. Bg3 Bg7 12. h4 {This is not played much. In
fact there are not more than a handful of grandmaster games with this move.
The main problem is that it doesn't threaten anything and Black can continue
with his normal development.} (12. Be2 {is the main line.}) 12... Nc6 13. Nxc6
bxc6 14. Bc4 Qa5 15. Qf3 {[%csl Rf7][%cal Rf3f7,Rc4f7] This position has been
reached five times in the past. Some players thought they should defend the f7
point with Be6, some decided Rf8 was important and one guy even castled short.
But then comes Maxime Vachier Lagrave who says, why should the f7 point be
defended at all, there are much more important things to be done in life!} Ne5
$5 16. Bxe5 Qxe5 17. Bxf7+ (17. Qxf7+ {doesn't really change the nature of the
position by much.} Kd8 18. hxg5 Qxg5 $44) 17... Kd8 {What has Black got in
return for the loss of a pawn? For starters he has the bishop pair. The bishop
on g7 is super strong, the rooks can be used on semi-open files on f8 and b8
and in general it is much easier to play as Black as his king is safe on d8
while the king on e1 is feeling the heat.} 18. hxg5 Rb8 $1 {It always feels
nice to bring a piece into the game with the gain of a tempo.} 19. Bb3 Rf8 20.
Qe3 Qxg5 21. Qxg5 hxg5 {The queens are off the board and yet this position is
dangerous for White. His knight on c3 has no real outposts because of the
central pawns on c6-d6-e7, and the bishop on g7 has no opposition. White is at
a loss for a constructive plan. It is not often you see in a completely normal
queenless middlegame that a side with a pawn deficit is trying to press for an
advantage.} 22. f3 (22. Rh5 Bd4 (22... Bf6 23. e5 Bg4 $1 (23... dxe5 $2 24.
O-O-O+ $14 {[%cal Gc3e4,Gf2f3]})) 23. f3 g4 $36) 22... g4 $1 23. Ke2 a5 {
A pawn push here, a pawn push there, pressure everywhere!} 24. Na4 $6 {White
intends to meet ...Ba6 with c4, but this weakens the dark squares quite a bit
and makes the bishop on b3 very passive.} (24. Rad1 {was much better not
fearing a check on a6.} Ba6+ 25. Ke3 Be5 (25... c5 26. f4 c4 27. Ba4 Rxb2 28.
e5 $14 {The rook on d1 makes itself felt.}) 26. Rh7 $13) 24... Ba6+ 25. c4 Rb4
$1 26. Rac1 gxf3+ 27. gxf3 Bd4 {Nothing really moves for White.} 28. Rc2 c5 29.
Rh2 Rg8 30. Rc1 {White is under a lot of pressure but how exactly should Black
break through?} Bc8 $1 {The bishop would be much more useful both ways 
(kingside and queenside) on e6 than on a6.} 31. Nc3 Be6 32. Kd3 $2 (32. Rd1
Bxc4+ 33. Bxc4 Rxc4 $15 {is surely unpleasant for White but much better than
what happened in the game.}) 32... Rg3 $1 33. Ke2 (33. Rf1 Bh3 34. Rff2 Bxf2
35. Rxf2 Be6 $17 {should also win.}) 33... Bxc4+ 34. Kd2 (34. Bxc4 Rxb2+ 35.
Ke1 Rxh2 $19) 34... Rxf3 35. Bxc4 Rxb2+ {A superb game by Maxime and not one
of the best days at the chess board for Vallejo Pons. No matter what, this
game will remain a model for the power of the bishop pair.} (35... Rxb2+ 36.
Rc2 Rxc2+ 37. Kxc2 Rxc3+ $19) 0-1

[Event "Qatar Masters op"]
[Site "Doha"]
[Date "2015.12.26"]
[Round "6"]
[White "Ganguly, Surya Shekhar"]
[Black "Giri, Anish"]
[Result "1/2-1/2"]
[WhiteElo "2648"]
[BlackElo "2784"]
[Annotator "Sagar Shah/CB Website"]
[PlyCount "130"]
[EventDate "2015.12.20"]
[EventType "swiss"]
[EventRounds "9"]
[EventCountry "QAT"]
[SourceTitle "CBM 170"]
[Source "ChessBase"]
[SourceDate "2016.01.15"]
[SourceVersion "1"]
[SourceVersionDate "2016.01.15"]
[SourceQuality "1"]

1. e4 c5 2. Nf3 d6 3. d4 cxd4 4. Nxd4 Nf6 5. Nc3 a6 6. h3 e5 7. Nde2 h5 8. Bg5
Be6 9. Bxf6 Qxf6 10. Nd5 Qd8 11. Qd3 Nd7 12. O-O-O g6 13. Kb1 {The thing about
top players like Giri is that they are not only very much up to date with the
latest games but they also find improvements over them. Here the players are
following the game Anand vs Topalov from the London Chess Classic that took
place 20 days ago. Anand had won a nice game with White so Ganguly tried it
once again but Anish already had an improvement prepared.} Nc5 (13... Rc8 {
Anand-Topalov.}) 14. Qf3 Bg7 15. Nec3 b5 16. Be2 Rb8 17. a3 Bd7 {Defending the
b5-pawn and preparing a5-b4.} 18. Qe3 a5 19. b4 {While this stops b4, one
thing which is certain is that White's king is quite exposed now.} Ne6 20. g3
Nd4 21. Bd3 Be6 22. f4 axb4 23. axb4 Ra8 24. f5 gxf5 25. exf5 Nxf5 26. Bxf5
Bxf5 27. g4 hxg4 28. hxg4 Rxh1 29. Rxh1 Be6 {Black has won a pawn and looks
pretty solid, although White with his excellent knights does have some
compensation.} 30. g5 $6 (30. Qe4 {with the idea of Nc7 was interesting.})
30... Kf8 31. Nf6 Ra6 32. Qf3 Qc7 33. Nh7+ Ke8 34. Nf6+ Bxf6 35. gxf6 Kd7 {
Black has got rid of his bad bishop and his king is also safe. Add to it the
fact that he is a pawn up and you can realise that the rest is just a matter
of technique for a player of Giri's calibre.} 36. Rd1 Qa7 37. Kb2 Bc4 38. Qe4
Kc7 39. Nd5+ Kb8 40. Nc3 Kc7 41. Qf3 Qa8 42. Qe3 Qc6 43. Qg3 Ra8 44. Ra1 Rxa1
45. Kxa1 Qb6 46. Qh4 d5 47. Kb2 Qd6 (47... e4 48. Qg5 (48. Qf4+ Qd6 $19) 48...
Qd4 49. Qg7 Kd6 50. Qf8+ Ke5 51. Qe7+ Kf5 {would have been quite an easy win
for Anish. The king escapes the perpetual and the e-pawn marches towards the
last rank.}) 48. Kc1 Qa6 49. Qg5 Kd6 50. Qg8 Qa3+ 51. Kd2 Qa7 52. Qe8 Qd7 53.
Qg8 Qb7 54. Qe8 Qd7 (54... e4 55. Qg8 Qa7 56. Qe8 Qd7 57. Qg8 Ke5 $19 {It is
important to activate the king is in order to win. The f6-pawn will fall now.})
55. Qg8 e4 56. Qg3+ Kc6 57. Qe5 Qc7 58. Qe8+ Kb6 59. Qe7 {White has just too
much activity now.} Qf4+ 60. Kd1 Qf1+ 61. Kd2 Qf4+ 62. Kd1 e3 63. Qd8+ Ka6 64.
Qa8+ Kb6 65. Qd8+ Ka6 {Quite a depressing draw for Anish, who was better for
almost the entire game. A great result for Ganguly who was having a superb
tournament.} 1/2-1/2

[Event "Qatar Masters op"]
[Site "Doha"]
[Date "2015.12.21"]
[Round "2"]
[White "Grandelius, Nils"]
[Black "Giri, Anish"]
[Result "0-1"]
[WhiteElo "2632"]
[BlackElo "2784"]
[Annotator "Sagar Shah/CB Website"]
[PlyCount "80"]
[EventDate "2015.12.20"]
[EventType "swiss"]
[EventRounds "9"]
[EventCountry "QAT"]
[SourceTitle "CBM 170"]
[Source "ChessBase"]
[SourceDate "2016.01.15"]
[SourceVersion "1"]
[SourceVersionDate "2016.01.15"]
[SourceQuality "1"]

1. e4 c5 2. Nf3 d6 3. d4 cxd4 4. Nxd4 Nf6 5. Nc3 a6 6. h3 e5 7. Nb3 $5 {
At the London Chess Classic almost everyone retreated their knight to e2. The
knight to b3 is also one of the main moves but not as popular as Nde2.} Be6 8.
f4 Be7 (8... Nbd7 9. f5 Bxb3 10. axb3 d5 $1 {was played by Shirov against
Sutovsky and Black is already completely fine. The point is that Nxd5 is bad
as after ...Nxd5 there is a check on h4 and the direct exd5 is met with ...Bb4.
} 11. exd5 (11. Nxd5 Nxd5 12. Qxd5 Qh4+) 11... Bb4 $44 {[%cal Gd8b6,Gd7c5]}) 9.
f5 Bd7 10. Be3 b5 (10... Bc6 11. Qf3 d5 12. Nxd5 Nxd5 13. O-O-O $16) 11. Qf3 b4
12. Nd5 Nxd5 13. exd5 Bg5 14. Bxg5 Qxg5 15. Bd3 Bb5 16. h4 (16. O-O {could
have been more prudent. But knowing what an aggressive player Nils is, his
move with h4 is one that can be expected from him.}) 16... Qd8 17. g4 Nd7 18.
g5 $6 {According to Giri in the press conference this was an inaccuracy by
White as it allows Black to activate his rook with h6.} h6 $1 19. Rg1 (19. f6 {
Good or bad, this should have been tried.} gxf6 20. g6 $1 fxg6 21. Bxg6+ Ke7 {
Black' king looks safe on e7 but after} 22. O-O-O {White is surely the one who
can create dangerous threats in this position.}) 19... hxg5 20. hxg5 Bxd3 21.
Qxd3 Rh5 $1 {It seems it is difficult for White to defend the g5 pawn as Qd2
is met by ...a5 threatening ...a4 when the knight doesn't have the d2-square
to retreat to. And Qe3 is met by ...Qb6.} 22. Qg3 Qc7 23. O-O-O Rc8 {Mate on
c2 is threatened.} 24. Rd2 a5 25. Kb1 a4 26. Nc1 Qc4 27. Qf3 Rh4 28. f6 g6 29.
Rh1 Nc5 30. Rdh2 Ne4 31. Qd1 (31. Qe3 $5 {Black has to find} Rh5 $1 32. Qa7 Kf8
$1 33. Qxa4 Nd2+ 34. Ka1 Qxc2 35. Qxc2 Rxc2 36. Rxh5 gxh5 37. Nd3 {and the
position is unclear.}) 31... Rxh2 32. Rxh2 Kd7 33. Qg1 Qxd5 34. Qa7+ Ke6 35.
Qg1 Kd7 36. Qa7+ Ke6 37. Qg1 Qc4 $1 38. Re2 (38. Qg4+ Kd5 39. Qd7 Rc7 40. Qxa4
Ke6 $17) 38... b3 39. axb3 axb3 40. cxb3 Qxe2 $1 {A very complicated game
which is quite typical of the Sicilian.} 0-1

[Event "EU-Cup 17th"]
[Site "Panormo"]
[Date "2001.09.26"]
[Round "4.3"]
[White "Palac, Mladen"]
[Black "Sakaev, Konstantin"]
[Result "0-1"]
[WhiteElo "2578"]
[BlackElo "2630"]
[Annotator "Sakaev,K"]
[PlyCount "132"]
[EventDate "2001.09.22"]
[EventType "team-swiss"]
[EventRounds "7"]
[EventCountry "GRE"]
[SourceTitle "CBM 084 Extra"]
[Source "ChessBase"]
[SourceDate "2001.10.26"]
[SourceVersion "1"]
[SourceVersionDate "2001.10.26"]
[SourceQuality "1"]
[WhiteTeam "Kiseljak"]
[BlackTeam "St Petersburg"]
[WhiteTeamCountry "BIH"]
[BlackTeamCountry "RUS"]

1. e4 c5 2. Nf3 d6 3. d4 cxd4 4. Nxd4 Nf6 5. Nc3 a6 6. Be3 Ng4 7. Bg5 h6 8. Bh4
g5 9. Bg3 Bg7 10. h3 Ne5 11. f3 Nbc6 12. Bf2 Be6 13. Qd2 Nxd4 14. Bxd4 Qa5 15.
h4 (15. a3 Rg8 16. h4 Rc8 17. hxg5 hxg5 18. O-O-O Nc4 19. Bxc4 Bxd4 20. Bb5+
axb5 21. Qxd4 Rc4 22. Qd2 Kd7 23. Na2 Qxd2+ 24. Rxd2 f5 $1 (24... g4) 25. Nc3 (
25. e5 $2 Rc5 26. exd6 $140 Bxa2 27. Rh7 Rd5 $19) 25... fxe4 (25... b4 26. axb4
Rxb4 27. e5) 26. Nxe4 Bf5 27. b3 (27. Ng3 Bg6) 27... Rcc8 $11) 15... Rc8 (15...
Rg8 $5 16. hxg5 hxg5 17. Rh7 (17. Qe3 Rc8) (17. a3 Rc8) 17... Rc8 18. O-O-O Bf6
(18... Bxa2 $2 19. Rxg7 Rxg7 20. Bxe5 Qxe5 21. Nxa2 $16) 19. Qe3 (19. Qf2 Nd7 (
19... Rc6 $5) 20. a3 b5 $36 21. Nd5 $140 Bxd5 22. exd5 b4) (19. Kb1 Rxc3 $5 (
19... Nd7 20. a3 Bxd4 21. Qxd4 $14) 20. Qxc3 Qxa2+ 21. Kc1 Kd7 22. Qb4 (22. Qe3
Rc8 $44) 22... b5 $44) 19... Nd7 (19... Rc6 20. a3 b5 21. Kb1 b4 22. axb4 Qxb4
23. Nd5 Bxd5 24. exd5 $16) (19... Bxa2 $5 20. Bb6 Rxc3 21. bxc3 Qa3+ 22. Kd2
Bc4 (22... g4 $5 23. f4 g3 $13) 23. Be2 g4 24. f4 Bxe2 25. Qxe2 Nf3+ 26. Ke3
Qxc3+ 27. Qd3 (27. Rd3 Qb2 $19) (27. Kf2 Bd4+ 28. Bxd4 Nxd4 $17) 27... Ne1 28.
Qxc3 Bxc3 29. g3 (29. Kf2 g3+ 30. Kf1 Rg4) 29... Nf3 $11) 20. a3 b5 $13) 16.
Qe3 $5 (16. a3 Rg8) (16. hxg5 hxg5 17. Rxh8+ Bxh8 18. Qf2 (18. Qe3 Nc4 19. Bxc4
Bxd4 20. Qxd4 Rxc4 21. Qd2 $11) 18... Bf6 19. O-O-O Nd7 $11) (16. Rd1) 16...
Rg8 17. O-O-O Bxa2 $5 (17... Bf6 18. hxg5 hxg5 19. a3 (19. Bb6 $2 Rxc3 (19...
Qb4 20. a3 Rxc3 21. axb4 $18) 20. bxc3 Qxa2 $1 $36 21. Bd4 $140 Bc4) 19... Nd7
(19... b5 $6 20. Nd5 Bxd5 21. exd5 $16) 20. Kb1 Bxd4 21. Rxd4 $14) 18. hxg5
hxg5 19. Bb6 Rxc3 20. bxc3 Qa3+ 21. Kd2 Bc4 22. Be2 $8 Bxe2 23. Qxe2 Qa4 24.
Bd4 Nc4+ 25. Ke1 Be5 (25... Nb2 $6 26. Rb1 Bxd4 27. cxd4 Qxd4 28. Qd2 Qxd2+ 29.
Kxd2 Nc4+ 30. Ke2 $16) (25... e5 $5 26. Bf2 Qc6 27. Kf1 b5 28. g4 Bf6 (28... a5
29. Kg2 a4 30. Rd5 Ke7 31. Rb1 Rb8 $44) 29. Kg2 Bd8 $44) 26. Kf2 Qc6 27. Rh7 b5
28. Rdh1 a5 29. g3 Bxd4+ (29... a4 $2 30. f4 $1 $40) 30. cxd4 Na3 31. Qd3 b4
32. Ra1 Kd7 33. c3 (33. Rxf7 Rc8 34. Ra2 Qc4 35. Qxc4 Rxc4 36. Rf5 a4 37. Ra5
Rxc2+ 38. Rxc2 Nxc2 39. Rxa4 b3 40. Ra7+ Kc6 (40... Kc8 41. Ra5 Nxd4 42. Ra1
$16) 41. d5+ Kb6 42. Ra8 Kb7 43. Ra5 Kb6 $11) 33... Rc8 34. cxb4 Qc2+ 35. Qxc2
Rxc2+ 36. Kg1 axb4 37. Rxf7 Rc7 $1 38. Kf2 Rb7 39. Rh7 (39. Rh1 Kc6 $44) 39...
Nc2 40. Rb1 (40. Ra5 b3 41. Rh1 Nxd4 42. Rxg5 b2 43. Rb1 Rb3 44. Rd5 Nxf3 45.
Rxb2 Rxb2+ 46. Kxf3 $11) 40... b3 41. Rb2 Nxd4 42. Ke3 Ne6 43. Kd3 Nc5+ (43...
g4 $5) 44. Kc4 Rc7 45. Kd5 $4 (45. Kd4 Ne6+ 46. Kd3 Nc5+ 47. Kd4 $11) 45... Ne6
$1 $19 46. e5 Rc5+ 47. Ke4 Rxe5+ 48. Kd3 Nc5+ 49. Kd4 Re1 50. g4 Kc6 51. Rh5
e5+ 52. Kc4 Rc1+ 53. Kb4 Nd3+ 54. Kxb3 Nxb2 55. Kxb2 Rf1 56. Rxg5 Rxf3 57. Kc2
Kd5 58. Rg8 Ke4 59. g5 Rg3 60. g6 d5 61. g7 d4 62. Kd2 Rg2+ 63. Ke1 d3 64. Kf1
Rg6 65. Kf2 Rg5 66. Kf1 Ke3 0-1